| 000 | 01119cpmaa2200289 a 4500 | ||
|---|---|---|---|
| 001 | mm 79002977 | ||
| 003 | DLC | ||
| 005 | 20260227111641.0 | ||
| 008 | 791120|||||||||||| eng | ||
| 010 | _amm 79002977 | ||
| 040 |
_aDLC _cDLC _edacs _dDLC |
||
| 072 | 7 |
_aN _2lcmd |
|
| 100 | 1 |
_aSmith, Charles Ferguson, _d1807-1862. |
|
| 245 | 0 | 0 |
_aCharles Ferguson Smith papers, _f1825-1862. |
| 300 |
_a16 _foversize items. |
||
| 506 | 0 | _aOpen to research. | |
| 520 | 8 | _aCommissions, death certificate, and other military papers of or pertaining to Smith including his service in the Mexican War and Civil War. | |
| 545 | 0 | _aArmy officer. | |
| 546 | _aCollection material in English. | ||
| 580 | _aForms part of: Miscellaneous Manuscripts collection. | ||
| 610 | 1 | 0 |
_aUnited States. _bArmy _xOfficers. |
| 650 | 0 | _aMexican War, 1846-1848. | |
| 651 | 0 |
_aUnited States _xHistory _yCivil War, 1861-1865. |
|
| 656 | 7 |
_aArmy officers. _2itoamc |
|
| 999 |
_c41185 _d41185 |
||